La bete humaine

Αποθηκεύτηκε σε:
Λεπτομέρειες βιβλιογραφικής εγγραφής
Κύριος συγγραφέας: Zola, Émile, 1840-1902
Μορφή: Βιβλίο
Γλώσσα:French
Δημοσίευση: Paris : Hatier, 1986.
Σειρά:Profil d'une oeuvre ; 100
Θέματα:
Ετικέτες: Προσθήκη ετικέτας
Δεν υπάρχουν, Καταχωρήστε ετικέτα πρώτοι!

MARC

LEADER 00000cam a2200000 i 4500
001 1/517
008 950704s1986 fr | ||| |||| ||fre||
020 |z 2218074461 
035 |l 10014110 
040 |a GR-MyUa  |b gre  |e AACR2 
041 0 |a fre 
082 7 |a 843.8   |2 (22) 
100 1 |a Zola, Émile,   |d 1840-1902. 
245 1 3 |a La bete humaine /   |c Emile Zola ; analyse critique: par Renee Bonneau. 
260 |a Paris :   |b Hatier,   |c 1986. 
300 |a 78 σ. ;   |c 18 εκ. 
490 1 |a (Profil d'une oeuvre ;   |v 100) 
650 0 0 |a French fiction  |y 19th century. 
830 0 |a Profil d'une oeuvre ;  |v 100 
852 |a INST  |b LESVOS  |e 19950704  |h 843.8 ZOL  |p 005100008115  |q 005100008115  |t BK  |y 0 
922 |a 1ΕΛΗ  |b 199012  |c ΠΠ/109